[Event "BCF-chT2 2324 (4NCL)"]
[Site "England"]
[Date "2024.03.17"]
[Round "8.22"]
[White "Bowcott Terry, Finlay"]
[Black "McClement, Andrew"]
[Result "1-0"]
[WhiteElo "2081"]
[BlackElo "2228"]
[PlyCount "77"]
[EventDate "2023.11.11"]
[EventType "team-tourn"]
[EventRounds "11"]
[EventCountry "ENG"]
[SourceTitle "CBM 219 Extra"]
[Source "ChessBase"]
[SourceDate "2024.05.31"]
[SourceVersion "1"]
[SourceVersionDate "2024.05.31"]
[SourceQuality "1"]
[WhiteTeam "Warwicks Select"]
[BlackTeam "Cambridge University"]
[WhiteTeamCountry "ENG"]
[BlackTeamCountry "ENG"]

1. e4 c5 2. Nf3 d6 3. d4 cxd4 4. Qxd4 Nc6 5. Bb5 Bd7 6. Bxc6 Bxc6 7. Nc3 Nf6 8. Bg5 e6 9. 0-0-0 Be7 10. Qd3 Qa5 11. h4 0-0 12. Nd4 a6 13. f3 Rfd8 14. g4 Rac8 15. Kb1 b5 16. Nxc6 Rxc6 17. Ne2 b4 18. Nd4 Rcc8 19. f4 Qc5 20. Bxf6 Bxf6 21. Nb3 Qc4 22. g5 Be7 23. Nd4 d5 24. e5 Bc5 25. Ne2 a5 26. h5 Qxd3 27. Rxd3 f6 28. exf6 gxf6 29. g6 e5 30. f5 e4 31. Rdh3 Re8 32. h6 Re5 33. Rf1 d4 34. Rg3 d3 35. gxh7+ Kxh7 36. Rg7+ Kh8 37. Nf4 dxc2+ 38. Ka1 Be3 39. Ng6# 1-0

[Event "Cambridge op 2nd"]
[Site "Cambridge"]
[Date "2024.02.23"]
[Round "8"]
[White "Golubovic, Erik"]
[Black "McClement, Andrew"]
[Result "1/2-1/2"]
[WhiteElo "2025"]
[BlackElo "2221"]
[PlyCount "41"]
[EventDate "2024.02.19"]
[EventType "swiss"]
[EventRounds "9"]
[EventCountry "ENG"]
[SourceTitle "CBM 218 Extra"]
[Source "ChessBase"]
[SourceDate "2024.03.31"]
[SourceVersion "1"]
[SourceVersionDate "2024.03.31"]
[SourceQuality "1"]

1. d4 Nf6 2. c4 e6 3. g3 d5 4. Nf3 Bb4+ 5. Bd2 Be7 6. Bg2 0-0 7. 0-0 c6 8. Qb3 b6 9. cxd5 cxd5 10. Bb4 Nc6 11. Bxe7 Qxe7 12. Rc1 Bb7 13. Nc3 Rfc8 14. e3 Na5 15. Qd1 Qb4 16. Rab1 Nc4 17. Nd2 Ba6 18. Nxc4 Bxc4 19. Rc2 h6 20. Rbc1 a5 21. Bf1 1/2-1/2

[Event "Cambridge op 2nd"]
[Site "Cambridge"]
[Date "2024.02.19"]
[Round "2"]
[White "Karamsetty, Jeevan"]
[Black "McClement, Andrew"]
[Result "1/2-1/2"]
[WhiteElo "2188"]
[BlackElo "2221"]
[PlyCount "90"]
[EventDate "2024.02.19"]
[EventType "swiss"]
[EventRounds "9"]
[EventCountry "ENG"]
[SourceTitle "CBM 218 Extra"]
[Source "ChessBase"]
[SourceDate "2024.03.31"]
[SourceVersion "1"]
[SourceVersionDate "2024.03.31"]
[SourceQuality "1"]

1. e4 c5 2. Nc3 Nc6 3. Bb5 Nd4 4. Bc4 e6 5. Nge2 Nf6 6. 0-0 a6 7. a4 d5 8. exd5 exd5 9. Ba2 Nxe2+ 10. Qxe2+ Be6 11. d3 Be7 12. Bf4 0-0 13. Rfe1 b6 14. Qd2 Qd7 15. Ne2 b5 16. c3 Qb7 17. Bb3 Rfd8 18. Ng3 Rac8 19. axb5 axb5 20. d4 b4 21. Bd1 bxc3 22. bxc3 cxd4 23. cxd4 Ne4 24. Qe2 Bb4 25. Nxe4 dxe4 26. Qb2 Rxd4 27. Qxd4 Bxe1 28. Rc1 h6 29. Bc2 Bd5 30. Rb1 Bc3 31. Qd1 Qa8 32. Be3 Bf6 33. Bb3 Bxb3 34. Qxb3 Rd8 35. g3 Bg5 36. Bxg5 hxg5 37. Qe3 Qd5 38. Re1 Re8 39. Rc1 f6 40. Re1 Re5 41. Rc1 Qd3 42. Qxd3 exd3 43. Rd1 Rd5 44. Kg2 g4 45. f3 gxf3+ 1/2-1/2

[Event "BCF-chT2 2324 (4NCL)"]
[Site "England"]
[Date "2024.02.11"]
[Round "6.53"]
[White "Pigott, John C"]
[Black "McClement, Andrew"]
[Result "1-0"]
[WhiteElo "2320"]
[BlackElo "2228"]
[PlyCount "57"]
[EventDate "2023.11.11"]
[EventType "team-tourn"]
[EventRounds "11"]
[EventCountry "ENG"]
[SourceTitle "CBM 219 Extra"]
[Source "ChessBase"]
[SourceDate "2024.05.31"]
[SourceVersion "1"]
[SourceVersionDate "2024.05.31"]
[SourceQuality "1"]
[WhiteTeam "Barbican"]
[BlackTeam "Cambridge University"]
[WhiteTeamCountry "ENG"]
[BlackTeamCountry "ENG"]

1. e4 c5 2. Nf3 d6 3. d4 cxd4 4. Nxd4 Nf6 5. Nc3 e6 6. g4 h6 7. Rg1 Be7 8. Be3 Nc6 9. Qe2 Nxd4 10. Bxd4 e5 11. Be3 Be6 12. 0-0-0 Rc8 13. Qb5+ Qd7 14. Bxa7 Bxg4 15. Qxd7+ Kxd7 16. Bb5+ Kc7 17. Rxg4 Ra8 18. Rxg7 Rxa7 19. Rxf7 Kd8 20. f4 exf4 21. e5 Ng4 22. exd6 Bg5 23. d7 Ne5 24. Rf5 Nc6 25. Kb1 Ra5 26. a4 Kc7 27. Ne4 Raa8 28. Nc5 Kb6 29. Ne6 1-0

[Event "BCF-chT2 2324 (4NCL)"]
[Site "England"]
[Date "2023.11.11"]
[Round "2.12"]
[White "Dong, Bao Nghia"]
[Black "McClement, Andrew"]
[Result "1-0"]
[WhiteElo "2324"]
[BlackElo "2228"]
[PlyCount "53"]
[EventDate "2023.11.11"]
[EventType "team-tourn"]
[EventRounds "11"]
[EventCountry "ENG"]
[SourceTitle "CBM 217 Extra"]
[Source "ChessBase"]
[SourceDate "2024.01.31"]
[SourceVersion "1"]
[SourceVersionDate "2024.01.31"]
[SourceQuality "1"]
[WhiteTeam "The Sharks II"]
[BlackTeam "Cambridge University"]
[WhiteTeamCountry "ENG"]
[BlackTeamCountry "ENG"]

1. e4 c5 2. Nf3 d6 3. d4 cxd4 4. Nxd4 Nf6 5. Nc3 e6 6. g4 h6 7. Rg1 Be7 8. Be3 Nc6 9. Nb3 d5 10. exd5 exd5 11. Qe2 Ne5 12. Bd4 Nc4 13. 0-0-0 Be6 14. f4 b5 15. f5 b4 16. Bxf6 Bxf6 17. Nxd5 Bxb2+ 18. Kb1 Rc8 19. fxe6 Bf6 20. Nxf6+ Qxf6 21. exf7+ Kxf7 22. Qxc4+ Rxc4 23. Bxc4+ Kg6 24. Bd3+ Kg5 25. Rdf1 Qb6 26. Rf5+ Kh4 27. Rh5# 1-0

[Event "BCF-chT 2223 (4NCL)"]
[Site "England"]
[Date "2023.03.18"]
[Round "7.4"]
[White "McClement, Andrew"]
[Black "Jones, Steven"]
[Result "1-0"]
[WhiteElo "2226"]
[BlackElo "2139"]
[PlyCount "67"]
[EventDate "2022.10.22"]
[EventType "team-swiss"]
[EventRounds "11"]
[EventCountry "ENG"]
[SourceTitle "CBM 213 Extra"]
[Source "ChessBase"]
[SourceDate "2023.05.31"]
[SourceVersion "1"]
[SourceVersionDate "2023.05.31"]
[SourceQuality "1"]
[WhiteTeam "Cambridge University"]
[BlackTeam "West is Best"]
[WhiteTeamCountry "ENG"]
[BlackTeamCountry "ENG"]

1. e4 c5 2. Nf3 Nc6 3. d4 cxd4 4. Nxd4 Nf6 5. Nc3 e5 6. Ndb5 d6 7. Bg5 a6 8. Na3 b5 9. Nd5 Be7 10. Bxf6 Bxf6 11. c3 Ne7 12. Nxf6+ gxf6 13. Qf3 f5 14. exf5 d5 15. f6 Ng6 16. Rd1 Be6 17. g3 e4 18. Qe3 Qxf6 19. Be2 0-0 20. Nc2 Ne5 21. 0-0 Bh3 22. Rfe1 Rad8 23. Nb4 Qe6 24. Qc5 Qf5 25. Rxd5 Nf3+ 26. Kh1 Rxd5 27. Nxd5 Kg7 28. Rd1 Qh5 29. Qd4+ f6 30. Qxe4 Bg4 31. h4 Re8 32. Qf4 Rxe2 33. Qxf6+ Kg8 34. Nf4 1-0

[Event "BCF-chT 2223 (4NCL)"]
[Site "England"]
[Date "2022.10.23"]
[Round "2.2"]
[White "McClement, Andrew"]
[Black "Csonka, Balazs"]
[Result "0-1"]
[WhiteElo "2226"]
[BlackElo "2495"]
[PlyCount "144"]
[EventDate "2022.10.22"]
[EventType "team-swiss"]
[EventRounds "11"]
[EventCountry "ENG"]
[SourceTitle "CBM 210 Extra"]
[Source "ChessBase"]
[SourceDate "2022.11.30"]
[SourceVersion "1"]
[SourceVersionDate "2022.11.30"]
[SourceQuality "1"]
[WhiteTeam "Cambridge University"]
[BlackTeam "Chess.com Manx Liberty"]
[WhiteTeamCountry "ENG"]
[BlackTeamCountry "ENG"]

1. Nf3 d5 2. c4 e6 3. g3 Nf6 4. d4 dxc4 5. Qa4+ Nbd7 6. Bg2 a6 7. Qxc4 b5 8. Qc6 Ra7 9. 0-0 Bb7 10. Qc2 c5 11. Bg5 Bxf3 12. Bxf3 cxd4 13. Rd1 Rc7 14. Qd3 Ne5 15. Qb3 Nxf3+ 16. Qxf3 Be7 17. Bf4 Rc5 18. Nd2 0-0 19. Rac1 Rd5 20. Rc6 e5 21. Bg5 e4 22. Qf4 e3 23. Nf3 exf2+ 24. Kxf2 h6 25. Bxf6 Bxf6 26. Rxa6 Re8 27. Ra3 Qd7 28. Rad3 Bg5 29. Nxg5 Rf5 30. Nf3 Rxf4 31. gxf4 Qe6 32. R1d2 Qxa2 33. Rxd4 Qe6 34. h4 Qe3+ 35. Kf1 Re4 36. b4 Rxf4 37. Rxf4 Qxf4 38. Rd4 Qe3 39. Rd5 Qc1+ 40. Kf2 Qc4 41. Rd4 Qc3 42. Rf4 g6 43. Re4 Qb2 44. Rf4 Qc3 45. Re4 Kf8 46. Rf4 Kg7 47. Rg4 f5 48. Rd4 g5 49. hxg5 hxg5 50. Rd5 Kf6 51. Rxb5 g4 52. Re5 Qxb4 53. Re8 Qc5+ 54. Kg2 gxf3+ 55. exf3 Kg5 56. Re2 Kf4 57. Ra2 Qc4 58. Rf2 Ke3 59. Kg1 f4 60. Kg2 Qe2 61. Rxe2+ Kxe2 62. Kg1 Kxf3 63. Kf1 Ke3 64. Ke1 f3 65. Kf1 f2 66. Kg2 Ke2 67. Kg3 f1Q 68. Kg4 Qf6 69. Kh5 Qg7 70. Kh4 Kf3 71. Kh5 Kf4 72. Kh4 Qg4# 0-1

[Event "BCF-chT 2122 (4NCL)"]
[Site "England"]
[Date "2022.06.26"]
[Round "11.75"]
[White "McClement, Andrew"]
[Black "Hobson, Kenneth"]
[Result "1-0"]
[WhiteElo "2221"]
[BlackElo "1920"]
[PlyCount "47"]
[EventDate "2021.11.27"]
[EventType "team-swiss"]
[EventRounds "11"]
[EventCountry "ENG"]
[SourceTitle "EXT 2023"]
[Source "ChessBase"]
[SourceDate "2022.10.05"]
[SourceVersion "1"]
[SourceVersionDate "2022.10.05"]
[SourceQuality "1"]
[WhiteTeam "Cambridge University"]
[BlackTeam "Oxford"]
[WhiteTeamCountry "ENG"]
[BlackTeamCountry "ENG"]

1. Nf3 Nf6 2. c4 e6 3. g3 b6 4. Bg2 Bb7 5. 0-0 Be7 6. Nc3 0-0 7. d4 Na6 8. Qa4 Qc8 9. Bg5 h6 10. Bxf6 Bxf6 11. e4 Be7 12. Rfe1 f5 13. Ne5 fxe4 14. Nxd7 Rd8 15. Bh3 c6 16. Bxe6+ Kh8 17. Nf8 Qc7 18. Ng6+ Kh7 19. Qc2 Rxd4 20. Rxe4 Nb4 21. Qb1 Rd3 22. Nxe7 c5 23. Re3 Qc6 24. Nxc6 1-0

[Event "Norrkoeping Easter op"]
[Site "Norrkoeping"]
[Date "2022.04.16"]
[Round "4"]
[White "Sorensen, Hampus"]
[Black "McClement, Andrew"]
[Result "1-0"]
[WhiteElo "2373"]
[BlackElo "2221"]
[PlyCount "59"]
[EventDate "2022.04.15"]
[EventType "swiss"]
[EventRounds "8"]
[EventCountry "SWE"]
[SourceTitle "CBM 207 Extra"]
[Source "ChessBase"]
[SourceDate "2022.05.31"]
[SourceVersion "1"]
[SourceVersionDate "2022.05.31"]
[SourceQuality "1"]

1. e4 c5 2. Nf3 d6 3. Bb5+ Bd7 4. Bxd7+ Qxd7 5. 0-0 Nf6 6. Qe2 Nc6 7. c3 e6 8. d4 cxd4 9. cxd4 d5 10. e5 Ne4 11. Nbd2 Nxd2 12. Bxd2 Be7 13. g3 0-0 14. Kg2 Rfc8 15. h4 a6 16. Rh1 Na7 17. a4 h6 18. g4 Rc2 19. Qd3 Rxb2 20. Bc1 Rb4 21. Ng5 g6 22. h5 hxg5 23. hxg6 Bf8 24. Rh8+ Kxh8 25. Qh3+ Bh6 26. Qxh6+ Kg8 27. Qh7+ Kf8 28. Qh8+ Ke7 29. Bxg5+ f6 30. Bxf6# 1-0

[Event "London Classic op 11th"]
[Site "London"]
[Date "2019.12.02"]
[Round "5"]
[White "Semprun Martinez, Fernando M"]
[Black "McClement, Andrew"]
[Result "1/2-1/2"]
[WhiteElo "2071"]
[BlackElo "2226"]
[PlyCount "80"]
[EventDate "2019.11.29"]
[EventType "swiss"]
[EventRounds "9"]
[EventCountry "ENG"]
[SourceTitle "CBM 193 Extra"]
[Source "ChessBase"]
[SourceDate "2020.01.31"]
[SourceVersion "1"]
[SourceVersionDate "2020.01.31"]
[SourceQuality "1"]

1. e4 c5 2. Nf3 d6 3. d4 cxd4 4. Nxd4 Nf6 5. Nc3 e6 6. g4 h6 7. h4 Nc6 8. Rg1 d5 9. exd5 Nxd5 10. Nxd5 Qxd5 11. Bg2 Qa5+ 12. Bd2 Qe5+ 13. Be3 Bd7 14. Nxc6 Bxc6 15. Bxc6+ bxc6 16. Qd4 Qxd4 17. Bxd4 c5 18. Bc3 0-0-0 19. Ke2 f6 20. Rad1 Be7 21. Rxd8+ Rxd8 22. h5 Kb7 23. Rg3 Kc6 24. Re3 Rd6 25. f4 Bd8 26. Kf3 Be7 27. Re2 Kd7 28. Ke4 Rd1 29. Rd2+ Rxd2 30. Bxd2 Kc6 31. c4 Bd6 32. Bc3 Bf8 33. a3 a6 34. b4 Bd6 35. Bd2 Be7 36. Bc3 Bd6 37. Bd2 Be7 38. f5 e5 39. Be1 Bf8 40. Bc3 Be7 1/2-1/2

[Event "London Classic op 11th"]
[Site "London"]
[Date "2019.11.30"]
[Round "2"]
[White "McClement, Andrew"]
[Black "Aravindh, Chithambaram VR"]
[Result "0-1"]
[WhiteElo "2226"]
[BlackElo "2605"]
[PlyCount "68"]
[EventDate "2019.11.29"]
[EventType "swiss"]
[EventRounds "9"]
[EventCountry "ENG"]
[SourceTitle "CBM 193 Extra"]
[Source "ChessBase"]
[SourceDate "2020.01.31"]
[SourceVersion "1"]
[SourceVersionDate "2020.01.31"]
[SourceQuality "1"]

1. Nf3 d5 2. c4 d4 3. b4 f6 4. Bb2 e5 5. a3 c5 6. bxc5 Nc6 7. d3 Bxc5 8. g3 Nh6 9. Bg2 0-0 10. 0-0 Be6 11. Nbd2 Qd7 12. Qa4 Nf7 13. Rfc1 Rab8 14. Rab1 Rfc8 15. Nb3 Be7 16. Ne1 Bh3 17. Bh1 h5 18. Na5 Nxa5 19. Qxa5 Bc5 20. Ba1 b6 21. Qa6 h4 22. a4 hxg3 23. hxg3 g6 24. Rb5 Nd6 25. Rb3 Rc7 26. Bd5+ Kg7 27. f3 Qe7 28. g4 f5 29. a5 Qh4 30. f4 Qg3+ 31. Bg2 Ne4 32. dxe4 d3+ 33. Kh1 Bxg2+ 34. Nxg2 Qh3# 0-1

[Event "SCO-ch 126th"]
[Site "Edinburgh"]
[Date "2019.07.12"]
[Round "7"]
[White "Gheorghiu, Calin"]
[Black "McClement, Andrew"]
[Result "1/2-1/2"]
[WhiteElo "2345"]
[BlackElo "2238"]
[PlyCount "116"]
[EventDate "2019.07.06"]
[EventType "swiss"]
[EventRounds "9"]
[EventCountry "SCO"]
[SourceTitle "CBM 191 Extra"]
[Source "ChessBase"]
[SourceDate "2019.09.30"]
[SourceVersion "1"]
[SourceVersionDate "2019.09.30"]
[SourceQuality "1"]

1. d4 Nf6 2. c4 e6 3. Nc3 Bb4 4. f3 d5 5. a3 Bxc3+ 6. bxc3 c5 7. cxd5 Nxd5 8. dxc5 Qa5 9. e4 Ne7 10. Be3 0-0 11. Qb3 Qc7 12. Bb5 Nd7 13. Bxd7 Bxd7 14. Ne2 Rad8 15. 0-0 Bc6 16. Rfd1 Rxd1+ 17. Rxd1 Rd8 18. Bf4 Rxd1+ 19. Qxd1 Qd7 20. Qd6 Nc8 21. Qd4 a6 22. Nc1 Na7 23. Qxd7 Bxd7 24. Ne2 f6 25. Kf2 e5 26. Bc1 Kf7 27. Ke3 Bb5 28. Ng1 Ke6 29. f4 exf4+ 30. Kxf4 Bf1 31. g4 Nb5 32. Bb2 Na7 33. Nf3 Nc6 34. Nd4+ Kf7 35. a4 Ne5 36. Ba3 g5+ 37. Kg3 Bd3 38. Nf5 Nc4 39. Nd6+ Ke6 40. Bb4 Nxd6 41. cxd6 Bxe4 42. a5 Bd3 43. Kf3 Bb5 44. Ke3 f5 45. gxf5+ Kxf5 46. c4 Bc6 47. Kd4 g4 48. Be1 h5 49. Bh4 Ke6 50. c5 Kf5 51. Ke3 Bd7 52. Bd8 Ke5 53. Kf2 Kd5 54. Bb6 h4 55. Kg2 Bc6 56. Kg1 Kc4 57. Kf2 Kb5 58. Kg1 Kb4 1/2-1/2

[Event "BCF-chT2 1819 (4NCL) Promotion"]
[Site "England"]
[Date "2019.05.06"]
[Round "11.22"]
[White "Moore, Graham J"]
[Black "McClement, Andrew"]
[Result "1-0"]
[WhiteElo "2241"]
[BlackElo "2241"]
[PlyCount "125"]
[EventDate "2018.11.10"]
[EventType "team-tourn"]
[EventRounds "11"]
[EventCountry "ENG"]
[SourceTitle "EXT 2021"]
[Source "ChessBase"]
[SourceDate "2020.10.23"]
[SourceVersion "1"]
[SourceVersionDate "2020.10.23"]
[SourceQuality "1"]
[WhiteTeam "Anglian Avengers"]
[BlackTeam "Cambridge University"]
[WhiteTeamCountry "ENG"]
[BlackTeamCountry "ENG"]

1. e4 c5 2. Nf3 d6 3. d4 cxd4 4. Nxd4 Nf6 5. Nc3 e6 6. Be3 a6 7. f3 b5 8. Qd2 Nbd7 9. g4 Nb6 10. a4 b4 11. Nd1 a5 12. Qf2 Nbd7 13. g5 Nh5 14. Bb5 Bb7 15. c3 Be7 16. cxb4 axb4 17. Nc6 Bxc6 18. Bxc6 Rb8 19. f4 0-0 20. Qe2 g6 21. 0-0 Nc5 22. Qc4 Qa5 23. Nf2 Rfc8 24. Bb5 Nxa4 25. Rxa4 Qxb5 26. Qxb5 Rxb5 27. Ra7 Bf8 28. Rfa1 f5 29. Rd7 b3 30. Raa7 Bg7 31. exf5 exf5 32. Nd3 Rd5 33. Ne5 Rd1+ 34. Kg2 Rc2+ 35. Kh3 Re1 36. Rxg7+ Nxg7 37. Ra8+ Ne8 38. Rxe8+ Kg7 39. Nf3 Rf1 40. Bd4+ Kf7 41. Re3 Rc4 42. Nd2 Rxd4 43. Nxf1 Rxf4 44. Nd2 Rf2 45. Nc4 d5 46. Ne5+ Kf8 47. Rxb3 d4 48. Kg3 Re2 49. Nf3 d3 50. Rxd3 Rxb2 51. Rd7 Kg8 52. Kf4 Re2 53. Rd4 Kg7 54. h4 Rf2 55. Rd7+ Kg8 56. Ke5 Re2+ 57. Kf6 Re8 58. Ne5 Rf8+ 59. Rf7 Rd8 60. Rg7+ Kf8 61. Nd7+ Ke8 62. Ke6 Rxd7 63. Rg8# 1-0

[Event "BCF-chT2b 1819 (4NCL)"]
[Site "England"]
[Date "2019.02.09"]
[Round "5.52"]
[White "McClement, Andrew"]
[Black "French, Max"]
[Result "1/2-1/2"]
[WhiteElo "2226"]
[BlackElo "2176"]
[PlyCount "54"]
[EventDate "2018.11.10"]
[EventType "team-tourn"]
[EventRounds "11"]
[EventCountry "ENG"]
[SourceTitle "EXT 2021"]
[Source "ChessBase"]
[SourceDate "2020.10.23"]
[SourceVersion "1"]
[SourceVersionDate "2020.10.23"]
[SourceQuality "1"]
[WhiteTeam "Cambridge University"]
[BlackTeam "Barbican II"]
[WhiteTeamCountry "ENG"]
[BlackTeamCountry "ENG"]

1. Nf3 Nf6 2. c4 e6 3. g3 d5 4. d4 Be7 5. Bg2 0-0 6. 0-0 dxc4 7. Qa4 a6 8. Qxc4 b5 9. Qc2 Bb7 10. Bf4 Nc6 11. Rd1 Nb4 12. Qc1 Qc8 13. Nbd2 c5 14. dxc5 Qxc5 15. Qxc5 Bxc5 16. Nb3 Be7 17. a3 Nbd5 18. Nfd4 Rac8 19. Na5 Ba8 20. Rac1 Nxf4 21. gxf4 Bxg2 22. Kxg2 Nd5 23. e3 Bf6 24. Rc6 Rxc6 25. Naxc6 Rc8 26. Kf3 Kf8 27. Ke4 Bxd4 1/2-1/2

[Event "BCF-chT2b 1819 (4NCL)"]
[Site "England"]
[Date "2019.01.12"]
[Round "3.63"]
[White "McClement, Andrew"]
[Black "Murphy, Hugh W"]
[Result "1-0"]
[WhiteElo "2209"]
[BlackElo "2126"]
[PlyCount "65"]
[EventDate "2018.11.10"]
[EventType "team-tourn"]
[EventRounds "11"]
[EventCountry "ENG"]
[SourceTitle "EXT 2021"]
[Source "ChessBase"]
[SourceDate "2020.10.23"]
[SourceVersion "1"]
[SourceVersionDate "2020.10.23"]
[SourceQuality "1"]
[WhiteTeam "Cambridge University"]
[BlackTeam "Grantham Sharks II"]
[WhiteTeamCountry "ENG"]
[BlackTeamCountry "ENG"]

1. Nf3 Nc6 2. d4 d5 3. g3 Bg4 4. Bg2 Qd7 5. 0-0 0-0-0 6. c3 e5 7. Nxe5 Nxe5 8. dxe5 h5 9. h4 Ne7 10. Nd2 g5 11. hxg5 h4 12. f3 Be6 13. g4 h3 14. Bh1 Bxg4 15. fxg4 Qxg4+ 16. Kh2 Nf5 17. Rxf5 Qxf5 18. Nf3 Bc5 19. Qd3 Qg4 20. Be3 Bxe3 21. Qxe3 Kb8 22. Rg1 Qh5 23. Nd4 c6 24. e6 fxe6 25. Nxe6 Rd7 26. Bf3 Qh4 27. Rg4 Qh7 28. g6 Qg8 29. g7 Rxg7 30. Rxg7 Qc8 31. Qf4+ Ka8 32. Bg4 a6 33. Nc7+ 1-0

[Event "London Classic op 10th"]
[Site "London"]
[Date "2018.12.15"]
[Round "8"]
[White "McClement, Andrew"]
[Black "Sowray, Peter John"]
[Result "1/2-1/2"]
[WhiteElo "2182"]
[BlackElo "2342"]
[PlyCount "177"]
[EventDate "2018.12.09"]
[EventType "swiss"]
[EventRounds "9"]
[EventCountry "ENG"]
[SourceTitle "CBM 187 Extra"]
[Source "ChessBase"]
[SourceDate "2018.11.04"]
[SourceVersion "1"]
[SourceVersionDate "2018.11.04"]
[SourceQuality "1"]

1. e4 e5 2. Nf3 Nc6 3. Bb5 a6 4. Ba4 Nf6 5. 0-0 Be7 6. Re1 b5 7. Bb3 d6 8. c3 0-0 9. h3 Nb8 10. d4 Nbd7 11. a4 Bb7 12. Qd3 c5 13. axb5 axb5 14. Rxa8 Qxa8 15. Qxb5 Bxe4 16. Nbd2 Bc6 17. Qe2 e4 18. Nh2 cxd4 19. cxd4 d5 20. Nb1 Qb7 21. Qc2 Bb5 22. Nc3 Bd3 23. Qd1 Rb8 24. Ba2 Nb6 25. Ng4 Nxg4 26. Qxg4 Bf6 27. Qf5 Qc8 28. Qxc8+ Rxc8 29. Be3 Bc4 30. Bxc4 Rxc4 31. Ra1 h6 32. Ra5 Bxd4 33. Bxd4 Rxd4 34. Rb5 Nc4 35. Nxd5 Rd1+ 36. Kh2 Rd2 37. Kg3 Nxb2 38. Nc3 f5 39. Nb1 f4+ 40. Kxf4 Rxf2+ 41. Kxe4 Rxg2 42. Kf3 Rc2 43. Rb7 Nc4 44. Kg4 Nd6 45. Rd7 Ne4 46. Rb7 Kh7 47. Re7 Nf6+ 48. Kg3 Kg6 49. Rb7 Kh5 50. Rb5+ Kg6 51. Kf3 Nh7 52. Kg4 Rc4+ 53. Kg3 Ng5 54. Rb3 Ne4+ 55. Kg2 Kh5 56. Na3 Rc1 57. Rb4 Ng5 58. Nb5 Rd1 59. Rb3 Ne6 60. Nc3 Rd3 61. Rb5+ g5 62. Ne4 Nf4+ 63. Kh2 Rxh3+ 64. Kg1 Re3 65. Nf2 Nh3+ 66. Nxh3 Rxh3 67. Kg2 Ra3 68. Rb6 g4 69. Rc6 Kg5 70. Rb6 Ra2+ 71. Kg3 Ra3+ 72. Kg2 h5 73. Rb2 Ra5 74. Rc2 h4 75. Rc8 Ra2+ 76. Kg1 Ra1+ 77. Kg2 Ra2+ 78. Kg1 h3 79. Rc5+ Kh4 80. Rc4 Re2 81. Rc8 Kg3 82. Rc3+ Kf4 83. Rc8 g3 84. Rf8+ Ke3 85. Re8+ Kd2 86. Rd8+ Ke1 87. Rd3 Rg2+ 88. Kh1 Ke2 89. Rd2+ 1/2-1/2

[Event "London Classic op 10th"]
[Site "London"]
[Date "2018.12.10"]
[Round "2"]
[White "McClement, Andrew"]
[Black "Elsness, Frode"]
[Result "1-0"]
[WhiteElo "2182"]
[BlackElo "2447"]
[PlyCount "55"]
[EventDate "2018.12.09"]
[EventType "swiss"]
[EventRounds "9"]
[EventCountry "ENG"]
[SourceTitle "CBM 187 Extra"]
[Source "ChessBase"]
[SourceDate "2018.11.04"]
[SourceVersion "1"]
[SourceVersionDate "2018.11.04"]
[SourceQuality "1"]

1. Nf3 d5 2. c4 d4 3. g3 c5 4. Bg2 Nc6 5. 0-0 e5 6. d3 Nf6 7. e3 Bd6 8. exd4 cxd4 9. b4 Nxb4 10. Nxe5 Bxe5 11. Re1 Ng4 12. h3 Ne3 13. Qa4+ Nc6 14. Ba3 f6 15. fxe3 Kf7 16. Bd5+ Be6 17. Bxe6+ Kxe6 18. Nd2 dxe3 19. Rxe3 Kf7 20. Rb1 Bd4 21. Rxb7+ Kg6 22. Qxc6 Bxe3+ 23. Kh1 Re8 24. Rd7 Qa5 25. Qb7 Bh6 26. Nf3 Qxa3 27. Nh4+ Kg5 28. Rxg7+ 1-0

[Event "Varsity Oxbridge m 133rd"]
[Site "London"]
[Date "2015.03.07"]
[Round "1.6"]
[White "Chiu, Howard"]
[Black "McClement, Andrew"]
[Result "1-0"]
[WhiteElo "2076"]
[BlackElo "2179"]
[PlyCount "143"]
[EventDate "2015.03.07"]
[EventType "team-match"]
[EventRounds "1"]
[EventCountry "ENG"]
[SourceTitle "CBM 165 Extra"]
[Source "ChessBase"]
[SourceDate "2015.04.21"]
[SourceVersion "1"]
[SourceVersionDate "2015.04.21"]
[SourceQuality "1"]
[WhiteTeam "Oxford"]
[BlackTeam "Cambridge"]
[WhiteTeamCountry "ENG"]
[BlackTeamCountry "ENG"]

1. e4 c5 2. Nf3 d6 3. d4 cxd4 4. Nxd4 Nf6 5. Nc3 e6 6. Be2 a6 7. a4 Qc7 8. 0-0 b6 9. f4 Bb7 10. Bf3 Nc6 11. Nb3 Be7 12. Be3 0-0 13. Qd2 Rac8 14. Rad1 Nb4 15. Qf2 Nd7 16. Rd4 Nc6 17. Rd2 Nc5 18. Nxc5 bxc5 19. Ne2 Rfd8 20. b3 Rb8 21. Qg3 Bf6 22. f5 Ne5 23. Nf4 Nxf3+ 24. Qxf3 exf5 25. Nh5 Bc3 26. Qg3 f6 27. Bh6 Be5 28. Qxg7+ Qxg7 29. Bxg7 Kf7 30. Bxf6 Bxf6 31. Rxf5 Kg6 32. Nxf6 Bxe4 33. Rff2 Ba8 34. Nd5 Kg7 35. Rf5 Bxd5 36. Rfxd5 c4 37. bxc4 Rb1+ 38. Kf2 Rf8+ 39. Kg3 Rb4 40. a5 Rxc4 41. Rxd6 Rc3+ 42. R2d3 Rxc2 43. Rxa6 Rf7 44. Rb6 Ra2 45. a6 Ra5 46. Rf3 Ra7 47. Rff6 Rc7 48. Rfc6 Rf7 49. Kh4 Ra2 50. Kh3 Ra3+ 51. g3 Ra2 52. Rb7 Kg8 53. Rxf7 Kxf7 54. g4 Kg7 55. Kg3 Ra3+ 56. Kh4 h6 57. g5 hxg5+ 58. Kxg5 Ra5+ 59. Kg4 Kf7 60. h4 Kg7 61. h5 Ra4+ 62. Kf3 Ra1 63. h6+ Kh7 64. Ke4 Rd1 65. Ke5 Rd2 66. Rd6 Rc2 67. Kd5 Rc1 68. Rc6 Rb1 69. Kd6 Kxh6 70. Kc7+ Kg5 71. a7 Ra1 72. Kb7 1-0

[Event "BCF-chT1b 1415 (4NCL)"]
[Site "England"]
[Date "2015.01.11"]
[Round "4.187"]
[White "Eckersley Waites, Tom"]
[Black "McClement, Andrew"]
[Result "1-0"]
[WhiteElo "2282"]
[BlackElo "2202"]
[PlyCount "49"]
[EventDate "2014.11.15"]
[EventType "team-swiss"]
[EventRounds "11"]
[EventCountry "ENG"]
[SourceTitle "EXT 2016"]
[Source "ChessBase"]
[SourceDate "2015.10.08"]
[SourceVersion "1"]
[SourceVersionDate "2015.10.08"]
[SourceQuality "1"]
[WhiteTeam "Oxford"]
[BlackTeam "Cambridge"]
[WhiteTeamCountry "ENG"]
[BlackTeamCountry "ENG"]

1. e4 c5 2. Nf3 d6 3. Bb5+ Bd7 4. Bxd7+ Qxd7 5. 0-0 Nf6 6. Qe2 Nc6 7. Rd1 g5 8. c3 g4 9. Nh4 Qe6 10. d3 0-0-0 11. Be3 d5 12. Bxc5 dxe4 13. d4 b6 14. Ba3 Nh5 15. Nd2 f5 16. Nf1 Bh6 17. d5 Rxd5 18. Qc4 Re5 19. Qxe6+ Rxe6 20. Nxf5 Bg5 21. N1e3 Rf8 22. Rd5 Ne5 23. Nd4 Rff6 24. Nxe6 Rxe6 25. Nxg4 1-0